Fr. Conceicao Rodrigues College of Engineering

Principles of Engineering Physics (Record no. 19280)

MARC details
000 -LEADER
fixed length control field 00404nam a2200181Ia 4500
082 ## - DEWEY DECIMAL CLASSIFICATION NUMBER
Item number KHAN
100 ## - MAIN ENTRY--PERSONAL NAME
Personal name Khan/Md.N/ Panigrahi/S
245 ## - TITLE STATEMENT
Title Principles of Engineering Physics
260 ## - PUBLICATION, DISTRIBUTION, ETC.
Name of publisher, distributor, etc. Cambrideg University Press
Date of publication, distribution, etc. 2016
366 ## - TRADE AVAILABILITY INFORMATION
Publishers's discount category 25
300 ## - PHYSICAL DESCRIPTION
Extent 873
490 ## - SERIES STATEMENT
Volume/sequential designation 1
546 ## - LANGUAGE NOTE
Language note ENGLISH
-- Computers
650 ## - SUBJECT ADDED ENTRY--TOPICAL TERM
Topical term or geographic name entry element Physics
654 ## - SUBJECT ADDED ENTRY--FACETED TOPICAL TERMS
Focus term engineering physics
942 ## - ADDED ENTRY ELEMENTS (KOHA)
Koha item type BOOK
Holdings
Withdrawn status Lost status Damaged status Not for loan Collection Home library Current library Date acquired Source of acquisition Cost, normal purchase price Inventory number Total Checkouts Full call number Barcode Date last seen Date last checked out Cost, replacement price Price effective from Koha item type
        CRC Fr. Agnel's C.Rodrigues College of Engineering Fr. Agnel's C.Rodrigues- College of Engineering 17/03/2023 Allied Publishers 337.50 898 dt 06.01.2017 1 KHAN 24502 07/10/2023 17/08/2023 450.00   BOOK